Globalization, State And Governance (Record no. 36162)

MARC details
000 -LEADER
fixed length control field 00494nam a2200193Ia 4500
008 - FIXED-LENGTH DATA ELEMENTS--GENERAL INFORMATION
fixed length control field 220531s9999 xx 000 0 und d
041 ## - LANGUAGE CODE
Language code of text/sound track or separate title eng
082 ## - DEWEY DECIMAL CLASSIFICATION NUMBER
Classification number -
Item number VAR
100 ## - MAIN ENTRY--PERSONAL NAME
Personal name Varkey, S. Ed.
9 (RLIN) 63696
245 ## - TITLE STATEMENT
Title Globalization, State And Governance
250 ## - EDITION STATEMENT
Edition statement 1ST
260 ## - PUBLICATION, DISTRIBUTION, ETC. (IMPRINT)
Place of publication, distribution, etc. New Delhi
Name of publisher, distributor, etc. New Century
Date of publication, distribution, etc. 2014
300 ## - PHYSICAL DESCRIPTION
Extent 327
542 ## - INFORMATION RELATING TO COPYRIGHT STATUS
Copyright holder 22-04-2015
551 ## -
-- Economics
-- Grantebal-E
650 ## - SUBJECT ADDED ENTRY--TOPICAL TERM
Topical term or geographic name as entry element Globalization
9 (RLIN) 63697
906 ## - LOCAL DATA ELEMENT F, LDF (RLIN)
d 2015-2016
f 8169
Holdings
Withdrawn status Lost status Source of classification or shelving scheme Damaged status Not for loan Collection code Home library Current library Date acquired Vendor Cost, normal purchase price Total Checkouts Total Holds Full call number Barcode Date last seen Bill Date Koha item type Original Barcode
    Dewey Decimal Classification       Shri Siddhivinayak Mahila Mahavidyalaya Shri Siddhivinayak Mahila Mahavidyalaya 02/06/2015 Classic Book 1145.00   1 -/VAR/B/17165 SSMM-BK-17165 06/08/2022 06/08/2022 Books 010017165